| 000 | 00380nam a22001457a 4500 | ||
|---|---|---|---|
| 020 | _qPB. | ||
| 040 | _cFIZZA ISHAQ | ||
| 082 |
_a621.406 _bSLD |
||
| 100 |
_aHALL, DIXON S.L. _990177 |
||
| 245 |
_aFLUIT MACHANICS AND THERMODYNAMICS OF TURBOMACHINERY / _cS.L. DIXON. |
||
| 250 | _a7th ED. | ||
| 260 |
_aNEW YORK ; _bBUTTERWORTH, _c2013. |
||
| 300 | _a537 P. ; | ||
| 942 |
_2ddc _cBK |
||
| 999 |
_c588540 _d588540 |
||